| 000 | 01018nam a2200253 a 4500 | ||
|---|---|---|---|
| 001 | 47159 | ||
| 003 | BD-RjUL | ||
| 005 | 20211209054252.0 | ||
| 008 | 160807s1989 bg ||||| |||| 00| 0 ben d | ||
| 020 | _c: Tk. 30.00 | ||
| 035 | _a(BD-RjUL)47278 | ||
| 040 |
_aBD-RjUL _bben _cBD-RjUL |
||
| 041 | _aben | ||
| 082 |
_223 _a651 _bANS 1989 |
||
| 100 | 1 |
_aআনজুম, নাসিম _9143612 |
|
| 245 | 1 | 0 |
_aসচিবের কার্যপদ্ধতি = Secretarial practice / _cনাসিম আনজুম, দীপকেন্দ্র নাথ দাস |
| 260 |
_aরাজশাহী : _bহোসনে আরা হেনা, _c১৯৮৯. |
||
| 300 |
_a[৬], [২৮২] - ৪৬৭ পৃ. ; _c২১ সেমি. |
||
| 504 | _aনির্ঘণ্ট সংযুক্ত | ||
| 650 |
_aঅফিস ব্যবস্থাপনা. _9143613 |
||
| 650 |
_aOffice management. _9143614 |
||
| 700 |
_aদাস, দীপকেন্দ্র নাথ _9143615 |
||
| 942 |
_2ddc _cBK |
||
| 999 |
_c47159 _d47159 |
||